000 00610nam a2200181Ia 4500
005 20260429112249.0
008 260429s9999||||xx |||||||||||||| ||und||
020 _a9788180310649
041 _aHindi
082 _a934.02
_bPAN
100 _aपांडेय, गोविंद चंद्र
245 0 _aवैदिक संस्कृति /
_cगोविंद चंद्र पांडेय
250 _a5th ed.
260 _aप्रयागराज :
_bलोकभारती प्रकाशन,
_c2024.
300 _a651 p.; Hb
650 _aVedic Literature
942 _cTB
999 _c53193
_d53193